000
00356nam a2200133Ia 4500
008
231129s9999||||xx |||||||||||||| ||spa||
020
_a
978-84-254-3368-9
040
_b
spa
082
_a
895.75 H233e
100
_a
Han Byung-Chul
245
0
_a
En el enjambre
264
_a
Barcelona EspaƱa : Herder
942
_2
ddc
_c
BKS
999
_c
12861
_d
12861